000 01118nam a22003257a 4500
003 CHAP
005 20220817042200.0
008 971013s1970 r 00010 d
010 _a37004
011 _a37976
035 _a42096
040 _cCHAP
090 _aFolleto 2506
110 _aFAO
245 _aEstabilización del comercio internacional de cereales
_b: evaluación de los problemas y de sus posibles soluciones
260 _aRoma :
_bFAO,
_c1970
300 _a67 p.
_b: apénd.
490 _aFAO. Estudios sobre políticas de productos básicos
_v; 20
590 _aBATCH-UPD
_b10
_c20130110
_lUCH01
_h0131
590 _aBATCH-UPD
_b10
_c20130110
_lUCH01
_h2135
590 _aBATCH-UPD
_b10
_c20130409
_lUCH01
_h2126
590 _aBATCH-UPD
_b10
_c20130410
_lUCH01
_h1444
590 _aBATCH-UPD
_b10
_c20130914
_lUCH01
_h0913
590 _aCONVERSION
_b10
_c20130109
_lUCH01
_h1321
650 1 4 _aCereales
_xAspectos económicos.
_921388
830 0 _aFAO. Estudios sobre politicas de productos básicos
_v; 20
901 _aBK
942 _cFOLL
949 _aFolleto 2506
_bBC
_cFAO
_d-96725
_eFAO1
_i42096
_mD
_si
999 _c37004
_d37004